The religions book : (Record no. 1214)

MARC details
000 -LEADER
fixed length control field 03004cam a22005177i 4500
005 - DATE AND TIME OF LATEST TRANSACTION
control field 20260322212051.0
008 - FIXED-LENGTH DATA ELEMENTS--GENERAL INFORMATION
fixed length control field data
010 ## - LIBRARY OF CONGRESS CONTROL NUMBER
LC control number 2012286307
016 7# - NATIONAL BIBLIOGRAPHIC AGENCY CONTROL NUMBER
Record control number 016316755
Source Uk
020 ## - INTERNATIONAL STANDARD BOOK NUMBER
International Standard Book Number 9781465408433
020 ## - INTERNATIONAL STANDARD BOOK NUMBER
International Standard Book Number 1465408436
020 ## - INTERNATIONAL STANDARD BOOK NUMBER
International Standard Book Number 1465408436
040 ## - CATALOGING SOURCE
Original cataloging agency BTCTA
Language of cataloging eng
Transcribing agency BTCTA
Modifying agency DLC
-- SINLB
-- EYP
-- IK2
-- OCLCA
-- YDXCP
-- DLC
Description conventions rda
Modifying agency DLC
042 ## - AUTHENTICATION CODE
Authentication code lccopycat
050 00 - LIBRARY OF CONGRESS CALL NUMBER
Classification number BL80.3
Item number .R442 2013
082 04 - DEWEY DECIMAL CLASSIFICATION NUMBER
Classification number 200
Edition information 23
092 ## - LOCALLY ASSIGNED DEWEY CALL NUMBER (OCLC)
Classification number 200 R442 2013
001 - CONTROL NUMBER
control field data
245 14 - TITLE STATEMENT
Title The religions book :
Remainder of title [big ideas simply explained] /
Statement of responsibility, etc. Shulamit Ambalu ... [et al.].
250 ## - EDITION STATEMENT
Edition statement First American edition.
260 ## - PUBLICATION, DISTRIBUTION, ETC.
Place of publication, distribution, etc. New York :
Name of publisher, distributor, etc. DK Publishing,
Date of publication, distribution, etc. 2013.
264 #1 - PRODUCTION, PUBLICATION, DISTRIBUTION, MANUFACTURE, AND COPYRIGHT NOTICE
Place of production, publication, distribution, manufacture New York, New York :
Name of producer, publisher, distributor, manufacturer DK Publishing,
Date of production, publication, distribution, manufacture, or copyright notice 2013.
300 ## - PHYSICAL DESCRIPTION
Extent 352 pages :
Other physical details illustrations (some color) ;
Dimensions 25 cm
336 ## - CONTENT TYPE
Content type term text
Source rdacontent
337 ## - MEDIA TYPE
Media type term unmediated
Source rdamedia
338 ## - CARRIER TYPE
Carrier type term volume
Source rdacarrier
500 ## - GENERAL NOTE
General note Includes index.
500 ## - GENERAL NOTE
General note Subtitle from cover.
505 0# - FORMATTED CONTENTS NOTE
Formatted contents note Primal beliefs from prehistory -- Ancient and classical beliefs from 3000 BCE -- Hinduism from 1700 BCE -- Buddhism from 6th century BCE -- Judaism from 2000 BCE -- Christianity from 1st century CE -- Islam from 610 CE -- Modern religions from 15th century.
520 ## - SUMMARY, ETC.
Summary, etc. Religion has influenced human culture since prehistory, shaping everything from the politics of war and peace to notions of morality and issues of sex, reproduction, and family. On an individual level, it has also offered people a sense of meaning, purpose, and comfort, and even today, when science appears to offer answers to many of the worlds's conundrums, faith persists and many religions--including Christianity and Islam--are still growing. The Religions Book explains in a clear, accessible way more than 100 of the most important theological ideas, from those bound up in the earliest cultures to others that have emerged in the last few hundred years, along with all of the main tenets of the world's major faiths. In doing so, it considers key issues such as the problem of defining good and evil, the significance of suffering, creation and the afterlife ("Why are we here?" and "Why do we die?"), and the nature of god.--Publisher's description.
650 #0 - SUBJECT ADDED ENTRY--TOPICAL TERM
Topical term or geographic name entry element Religion.
650 #0 - SUBJECT ADDED ENTRY--TOPICAL TERM
Topical term or geographic name entry element Religions.
700 1# - ADDED ENTRY--PERSONAL NAME
Personal name Ambalu, Shulamit,
Relator term author.
700 1# - ADDED ENTRY--PERSONAL NAME
Personal name Coogan, Michael David,
Relator term author.
700 1# - ADDED ENTRY--PERSONAL NAME
Personal name Feinstein, Eve Levavi,
Relator term author.
700 1# - ADDED ENTRY--PERSONAL NAME
Personal name Freedman, Paul,
Relator term author.
700 1# - ADDED ENTRY--PERSONAL NAME
Personal name Philip, Neil,
Relator term author.
700 1# - ADDED ENTRY--PERSONAL NAME
Personal name Stobart, Andrew,
Relator term author.
700 1# - ADDED ENTRY--PERSONAL NAME
Personal name Thompson, Mel,
Dates associated with a name 1946-
Relator term author.
700 1# - ADDED ENTRY--PERSONAL NAME
Personal name Tieszen, Charles Lowell,
Dates associated with a name 1978-
Relator term author.
700 1# - ADDED ENTRY--PERSONAL NAME
Personal name Weeks, Marcus,
Relator term author.
856 42 - ELECTRONIC LOCATION AND ACCESS
Materials specified Publisher description
Uniform Resource Identifier <a href="http://www.loc.gov/catdir/enhancements/fy1318/2012286307-d.html">http://www.loc.gov/catdir/enhancements/fy1318/2012286307-d.html</a>
906 ## - LOCAL DATA ELEMENT F, LDF (RLIN)
a 7
b cbc
c copycat
d 2
e ncip
f 20
g y-gencatlg
925 0# -
-- acquire
-- 2 shelf copies
-- policy default
955 ## - COPY-LEVEL INFORMATION (RLIN)
-- rk01 2013-11-29
Holdings
Withdrawn status Lost status Damaged status Not for loan Home library Current library Shelving location Date acquired Total checkouts Full call number Barcode Date last seen Price effective from Koha item type
        Institut Protestant de Théologie Institut Protestant de Théologie General stacks 22/03/2026   200 23 BC0011254 22/03/2026 22/03/2026 Books